Agencje zdecentralizowane UE - Skróty - Statystyki

Ogólne statystyki
  • Ten quiz został rozwiązany 16 razy
  • Średni wynik to 10 z 20
Statystyki odpowiedzi
Nazwa agencji Siedziba Skrót % Poprawnych
Agencja Unii Europejskiej do spraw Bezpieczeństwa Lotniczego Kolonia EASA
80%
Europejska Agencja Chemikaliów Helsinki ECHA
80%
Centrum Satelitarne Unii Europejskiej Torrejón de Ardoz EUSC (SatCen)
80%
Agencja Praw Podstawowych Unii Europejskiej Wiedeń FRA
80%
Europejska Agencja Straży Granicznej i Przybrzeżnej Warszawa FRONTEX
80%
Agencja Unii Europejskiej ds. Szkolenia w Dziedzinie Ścigania Budapeszt, wcześniej Bramshill CEPOL
60%
Europejska Agencja Obrony Bruksela EDA
60%
Europejska Agencja do spraw Bezpieczeństwa na Morzu Lizbona EMSA
60%
Agencja Unii Europejskiej ds. Cyberbezpieczeństwa Ateny ENISA
60%
Europejska Agencja ds. Zarządzania Operacyjnego Wielkoskalowymi Systemami Informatycznymi w Przestrzeni Wolności, Bezpieczeństwa i Sprawiedliwości Tallinn eu-LISA
60%
Europejski Urząd Policji Haga Europol
60%
Europejskie Centrum Rozwoju Szkolenia Zawodowego Saloniki Cedefop
40%
Europejski Urząd Nadzoru Ubezpieczeń i Pracowniczych Programów Emerytalnych Frankfurt nad Menem EIOPA
40%
Europejska Agencja Leków Amsterdam, wcześniej Londyn EMA
40%
Europejska Fundacja na rzecz Poprawy Warunków Życia i Pracy Dublin Eurofound
40%
Europejska Jednostka Współpracy Sądowe Haga Eurojust
40%
Europejski Urząd Nadzoru Bankowego Paryż, wcześniej Londyn EBA
20%
Urząd Unii Europejskiej ds. Własności Intelektualnej Alicante EUIPO
20%
Instytut Unii Europejskiej Studiów nad Bezpieczeństwem Paryż EUISS
20%
Europejska Agencja Środowiska Kopenhaga EEA
0%
Nie znaleziono quizów pasujących do podanych kryteriów
Rozkład punktacji
Procent ludzi z każdym wynikiem
Percentyl według liczby udzielonych odpowiedzi
Twoja historia wyników
Nie rozwiązałeś tego quizu